Study on foot and mouth disease of cattle at dankom commune and samlanh commune angkorchey district kampot province, ការសិក្សាជំងឺអ៊ុតក្ដាមដែលកើតលើសត្វគោនៅឃុំ ដាមគោម និង ឃសំឡាញ ស្រុកអង្គរជ័យ ខេត្តកំពត (Record no. 8769)

000 -LEADER
fixed length control field 00657nam a22001337a 4500
040 ## - CATALOGING SOURCE
Transcribing agency RUA
082 ## - DEWEY DECIMAL CLASSIFICATION NUMBER
Classification number AVM KHE 2015 B506 Or.1
100 ## - MAIN ENTRY--AUTHOR NAME
Personal name KHEM VAN ខែម វ៉ាន់
245 ## - TITLE STATEMENT
Title Study on foot and mouth disease of cattle at dankom commune and samlanh commune angkorchey district kampot province, ការសិក្សាជំងឺអ៊ុតក្ដាមដែលកើតលើសត្វគោនៅឃុំ ដាមគោម និង ឃសំឡាញ ស្រុកអង្គរជ័យ ខេត្តកំពត
260 ## - PUBLICATION, DISTRIBUTION, ETC. (IMPRINT)
Place of publication Phnom Penh
Name of publisher RUA
Year of publication 2015
300 ## - PHYSICAL DESCRIPTION
Number of Pages x; 38p.
Other physical details ill.
Dimensions 29cm.
856 ## - ELECTRONIC LOCATION AND ACCESS
Uniform Resource Identifier KHEM VAN
942 ## - ADDED ENTRY ELEMENTS (KOHA)
Koha item type AVM
952 ## - LOCATION AND ITEM INFORMATION (KOHA)
Withdrawn status [LOCAL, KOHA] 0
952 ## - LOCATION AND ITEM INFORMATION (KOHA)
Withdrawn status [LOCAL, KOHA] 0
952 ## - LOCATION AND ITEM INFORMATION (KOHA)
Withdrawn status [LOCAL, KOHA] 0
952 ## - LOCATION AND ITEM INFORMATION (KOHA)
Withdrawn status [LOCAL, KOHA] 0
952 ## - LOCATION AND ITEM INFORMATION (KOHA)
Withdrawn status [LOCAL, KOHA] 0
952 ## - LOCATION AND ITEM INFORMATION (KOHA)
Withdrawn status [LOCAL, KOHA] 0
952 ## - LOCATION AND ITEM INFORMATION (KOHA)
Withdrawn status [LOCAL, KOHA] 0
952 ## - LOCATION AND ITEM INFORMATION (KOHA)
Withdrawn status [LOCAL, KOHA] 0
952 ## - LOCATION AND ITEM INFORMATION (KOHA)
Withdrawn status [LOCAL, KOHA] 0
952 ## - LOCATION AND ITEM INFORMATION (KOHA)
Withdrawn status [LOCAL, KOHA] 0
952 ## - LOCATION AND ITEM INFORMATION (KOHA)
Withdrawn status [LOCAL, KOHA] 0
Holdings
Permanent Location Date acquired Koha item type Lost status Shelving location Barcode Current Location Full call number
Library Block B2016-08-15AVM B506RUA060015Library Block BAVM KHE 2015 B506 Or.1
Library Block B2016-08-15AVM B506RUA060189Library Block BAVM KHE 2015 B506 Or.2
Library Block B2016-08-15AVM B506RUA060685Library Block BAVM KHE 2015 B506 Or.3
Library Block B2016-08-15AVM B506RUA059953Library Block BAVM KHE 2015 B506 Or.4
Library Block B2016-08-15AVM B506RUA059918Library Block BAVM KHE 2015 B506 Or.5
Library Block B2016-08-15AVM B506RUA060749Library Block BAVM KHE 2015 B506 Or.6
Library Block B2016-08-15AVM B506RUA06062$Library Block BAVM KHE 2015 B506 Or.7
Library Block B2016-08-15AVM B506RUA060346Library Block BAVM KHE 2015 B506 Or.8
Library Block B2021-11-23AVM B694A066456Library Block BAVM KHE 2015 B694 Or.1
Library Block B2021-11-23AVM B694A066396Library Block BAVM KHE 2015 B694 Or.1
Library Block B2021-11-23AVM B694A066332Library Block BAVM KHE 2015 B694 Or.1
មជ្ឈមណ្ឌលឯការនៃសាកលវិទ្យាល័យភូមិន្ទកសិកម្មចំការដូង

Powered by Koha